[Event "Rishon Le Ziyyon YM-IM"]
[Site "Rishon Le Ziyyon"]
[Date "1995.??.??"]
[Round "5"]
[White "Kaminik, Aleksandar"]
[Black "Tyomkin, Dimitri"]
[Result "1-0"]
[WhiteElo "2215"]
[BlackElo "2320"]
[PlyCount "77"]
[GameId "1166638943064064"]
[EventDate "1995.??.??"]
[EventType "tourn"]
[EventRounds "11"]
[EventCountry "ISR"]
[EventCategory "4"]
[SourceTitle "EXT 1997"]
[Source "ChessBase"]
[SourceDate "1996.11.15"]
[SourceVersion "1"]
[SourceVersionDate "1996.11.15"]
[SourceQuality "1"]

1. d4 d5 2. c4 e6 3. cxd5 exd5 4. Nc3 c6 5. Bf4 Bd6 6. Bg3 Nf6 7. e3 Bf5 8. Nge2 O-O 9. Bxd6 Qxd6 10. Ng3 Bg6 11. Bd3 Re8 12. O-O Nbd7 13. Qc2 Nf8 14. Rfe1 Ne6 15. f4 Bxd3 16. Qxd3 g6 17. Rf1 Kg7 18. f5 Ng5 19. Rf4 Qe7 20. Raf1 Nge4 21. fxg6 fxg6 22. Ncxe4 Nxe4 23. Nxe4 dxe4 24. Rf7+ Qxf7 25. Rxf7+ Kxf7 26. Qb3+ Ke7 27. Qxb7+ Kd6 28. Qxh7 Re6 29. Qb7 Ree8 30. Qb4+ Kd7 31. Qc5 a5 32. d5 cxd5 33. Qxd5+ Kc7 34. Qf7+ Kc6 35. Qxg6+ Kd5 36. Qb6 Kc4 37. Qd4+ Kb5 38. Qd5+ Kb6 39. a4 1-0

[Event "Rishon Le Ziyyon YM-IM"]
[Site "Rishon Le Ziyyon"]
[Date "1995.??.??"]
[Round "7"]
[White "Gershon, Alik"]
[Black "Tyomkin, Dimitri"]
[Result "0-1"]
[WhiteElo "2340"]
[BlackElo "2320"]
[PlyCount "58"]
[GameId "1166638943109120"]
[EventDate "1995.??.??"]
[EventType "tourn"]
[EventRounds "11"]
[EventCountry "ISR"]
[EventCategory "4"]
[SourceTitle "EXT 1997"]
[Source "ChessBase"]
[SourceDate "1996.11.15"]
[SourceVersion "1"]
[SourceVersionDate "1996.11.15"]
[SourceQuality "1"]

1. e4 c5 2. Nf3 d6 3. d4 cxd4 4. Nxd4 Nf6 5. Nc3 e6 6. f4 Nc6 7. Nf3 Qb6 8. Bd3 Be7 9. Qe2 O-O 10. a3 e5 11. f5 Re8 12. Nd5 Nxd5 13. exd5 Nd4 14. Nxd4 Qxd4 15. Be4 Bd7 16. c3 Qa4 17. Bc2 Qh4+ 18. g3 Qh3 19. Qe4 g6 20. g4 Bh4+ 21. Kd1 gxf5 22. gxf5 Kh8 23. Be3 Rg8 24. Kc1 Rg2 25. f6 Rxc2+ 26. Qxc2 Qxe3+ 27. Kb1 Qf3 28. Ka2 Qxd5+ 29. b3 Rg8 0-1

[Event "Rishon Le Ziyyon YM-IM"]
[Site "Rishon Le Ziyyon"]
[Date "1995.??.??"]
[Round "9"]
[White "Blodstein, Boris"]
[Black "Tyomkin, Dimitri"]
[Result "0-1"]
[WhiteElo "2210"]
[BlackElo "2320"]
[PlyCount "70"]
[GameId "1166638943158272"]
[EventDate "1995.??.??"]
[EventType "tourn"]
[EventRounds "11"]
[EventCountry "ISR"]
[EventCategory "4"]
[SourceTitle "EXT 1997"]
[Source "ChessBase"]
[SourceDate "1996.11.15"]
[SourceVersion "1"]
[SourceVersionDate "1996.11.15"]
[SourceQuality "1"]

1. d4 Nf6 2. c4 c5 3. d5 b5 4. cxb5 a6 5. f3 g6 6. e4 d6 7. Nc3 Bg7 8. Be3 O-O 9. a4 Qa5 10. Ra3 Nbd7 11. Nh3 Bb7 12. Be2 axb5 13. axb5 Qc7 14. Nb1 Nb6 15. O-O e6 16. dxe6 fxe6 17. Qc2 Nfd7 18. Nf4 Rfe8 19. Bc4 d5 20. Ba2 c4 21. Ne2 Nc5 22. Rd1 Rec8 23. Rxa8 Rxa8 24. Na3 Nca4 25. Nd4 Qe7 26. Nc6 Bxc6 27. bxc6 Nxb2 28. Bxb6 Nxd1 29. Nxc4 dxc4 30. Qxc4 Kf7 31. c7 Qd7 32. f4 Nc3 33. Bb3 Qd6 34. Be3 Rc8 35. Bc5 Bd4+ 0-1

[Event "Rishon Le Ziyyon YM-IM"]
[Site "Rishon Le Ziyyon"]
[Date "1995.??.??"]
[Round "10"]
[White "Zifroni, Dov"]
[Black "Tyomkin, Dimitri"]
[Result "1/2-1/2"]
[WhiteElo "2370"]
[BlackElo "2320"]
[PlyCount "103"]
[GameId "1166638943203328"]
[EventDate "1995.??.??"]
[EventType "tourn"]
[EventRounds "11"]
[EventCountry "ISR"]
[EventCategory "4"]
[SourceTitle "EXT 1997"]
[Source "ChessBase"]
[SourceDate "1996.11.15"]
[SourceVersion "1"]
[SourceVersionDate "1996.11.15"]
[SourceQuality "1"]

1. e4 c5 2. c3 d5 3. exd5 Qxd5 4. d4 e5 5. Nf3 cxd4 6. cxd4 exd4 7. Qxd4 Nf6 8. Nc3 Qxd4 9. Nxd4 Bc5 10. Ndb5 Na6 11. Bg5 O-O 12. Be2 Bf5 13. Bxf6 gxf6 14. O-O Nb4 15. a3 Nc2 16. Rad1 Rfd8 17. Nd5 Kg7 18. Rd2 a6 19. Nbc3 Nd4 20. Bc4 Nc6 21. Rfd1 Bg6 22. h3 Ba7 23. Be2 Rac8 24. Bg4 Rb8 25. Kf1 Ne5 26. Be2 Rbc8 27. b3 Nc6 28. Bg4 f5 29. Be2 Na5 30. b4 Nc4 31. Bxc4 Rxc4 32. Ne2 Bh5 33. f3 Bg6 34. g3 Re8 35. Ndf4 a5 36. bxa5 Ra4 37. Rd3 Rxa5 38. h4 h5 39. Rb1 Re7 40. Rdb3 Bc5 41. Rb5 Rxb5 42. Rxb5 Bxa3 43. Nd4 Bc1 44. Nxh5+ Kh6 45. Nxf5+ Bxf5 46. Rxf5 Kg6 47. g4 Re6 48. f4 Rd6 49. Rg5+ Kh6 50. Rg8 Bb2 51. Rf8 Rg6 52. Rxf7 1/2-1/2

[Event "Rishon Le Ziyyon YM-IM"]
[Site "Rishon Le Ziyyon"]
[Date "1995.??.??"]
[Round "11"]
[White "Tyomkin, Dimitri"]
[Black "Grinshpun, Eduard"]
[Result "1/2-1/2"]
[WhiteElo "2320"]
[BlackElo "2390"]
[PlyCount "24"]
[GameId "1166638943223808"]
[EventDate "1995.??.??"]
[EventType "tourn"]
[EventRounds "11"]
[EventCountry "ISR"]
[EventCategory "4"]
[SourceTitle "EXT 1997"]
[Source "ChessBase"]
[SourceDate "1996.11.15"]
[SourceVersion "1"]
[SourceVersionDate "1996.11.15"]
[SourceQuality "1"]

1. d4 f5 2. g3 Nf6 3. Bg2 g6 4. Nh3 Bg7 5. Nf4 d6 6. Nc3 c6 7. h4 e5 8. dxe5 dxe5 9. Qxd8+ Kxd8 10. Nd3 e4 11. Nf4 Ke7 12. f3 exf3 1/2-1/2

[Event "Tel Aviv "]
[Site "Tel Aviv "]
[Date "1995.??.??"]
[Round "?"]
[White "Tyomkin, Dimitri"]
[Black "Berkovich, Mark A"]
[Result "1-0"]
[WhiteElo "2320"]
[BlackElo "2420"]
[PlyCount "81"]
[GameId "1166638996713472"]
[EventDate "1995.??.??"]
[EventType "swiss"]
[EventRounds "9"]
[EventCountry "ISR"]
[SourceTitle "EXT 2000"]
[Source "ChessBase"]
[SourceDate "1999.11.18"]
[SourceVersion "1"]
[SourceVersionDate "1999.11.18"]
[SourceQuality "1"]

1. d4 f5 2. g3 Nf6 3. Bg2 d6 4. Nc3 g6 5. h4 Nc6 6. d5 Ne5 7. Nh3 Bg7 8. Nf4 O-O 9. b3 c6 10. Bb2 Qb6 11. O-O Bd7 12. a4 Nc4 13. Bc1 Ng4 14. bxc4 Bxc3 15. Ra3 Bd4 16. e3 Bg7 17. Rb3 Qa6 18. c5 dxc5 19. Ba3 c4 20. Rb1 Rf7 21. Ne6 Qxa4 22. Rxb7 Bc8 23. Rxe7 Qxa3 24. Rxf7 Kxf7 25. Ng5+ Ke7 26. dxc6 Qd6 27. c7 Qxc7 28. Bxa8 h6 29. Nh3 g5 30. hxg5 hxg5 31. Qd5 Bf6 32. Qg8 Nh6 33. Qh7+ Nf7 34. Bd5 Kf8 35. Rb1 Qd7 36. Bxc4 Ne5 37. Qg8+ Ke7 38. Nxg5 Qc6 39. Qh7+ Kf8 40. Qg8+ Ke7 41. Qh7+ 1-0

[Event "EU-ch U20"]
[Site "Holon"]
[Date "1995.??.??"]
[Round "3"]
[White "Tyomkin, Dimitri"]
[Black "Vouldis, Angelos"]
[Result "1-0"]
[WhiteElo "2385"]
[BlackElo "2425"]
[PlyCount "105"]
[GameId "1166639233544192"]
[EventDate "1995.11.??"]
[EventType "swiss"]
[EventRounds "9"]
[EventCountry "ISR"]
[SourceTitle "EXT 1997"]
[Source "ChessBase"]
[SourceDate "1996.11.15"]
[SourceVersion "1"]
[SourceVersionDate "1996.11.15"]
[SourceQuality "1"]

1. d4 Nf6 2. c4 g6 3. Nc3 Bg7 4. e4 d6 5. h3 O-O 6. Bg5 Na6 7. Bd3 Qe8 8. g4 c5 9. d5 e6 10. Nge2 exd5 11. exd5 Nd7 12. f4 f5 13. Nb5 h6 14. Bh4 g5 15. Nxd6 Qd8 16. Bg3 gxf4 17. Bxf4 Ne5 18. Bxe5 Bxe5 19. Nxf5 Bxf5 20. Bxf5 Qh4+ 21. Kf1 Rxf5+ 22. gxf5 Qe4 23. Rg1+ Kh7 24. Rg2 Rf8 25. Qb3 Nb4 26. Ng3 Qf4+ 27. Kg1 Rg8 28. Rf1 Qxg3 29. Rxg3 Rxg3+ 30. Qxg3 Bxg3 31. Kg2 Be5 32. Re1 Bf6 33. d6 Nc6 34. d7 Kg7 35. Re8 Bd8 36. Kf3 Kf6 37. Ke4 Be7 38. a3 Nd8 39. Rg8 Kf7 40. Re8 b6 41. b4 Kf6 42. b5 Kf7 43. Ke5 Bh4 44. Kd5 Bg5 45. a4 Be7 46. Ke5 Bh4 47. Kd6 Bg3+ 48. Kd5 Bh4 49. a5 Be7 50. a6 Kf6 51. Rxd8 Bxd8 52. Kc6 Ke5 53. Kb7 1-0

[Event "EU-ch U20"]
[Site "Holon"]
[Date "1995.??.??"]
[Round "6"]
[White "Ovsejevitsch, Sergei"]
[Black "Tyomkin, Dimitri"]
[Result "1/2-1/2"]
[WhiteElo "2405"]
[BlackElo "2385"]
[PlyCount "35"]
[GameId "1166639233753088"]
[EventDate "1995.11.??"]
[EventType "swiss"]
[EventRounds "9"]
[EventCountry "ISR"]
[SourceTitle "EXT 1997"]
[Source "ChessBase"]
[SourceDate "1996.11.15"]
[SourceVersion "1"]
[SourceVersionDate "1996.11.15"]
[SourceQuality "1"]

1. d4 d5 2. c4 c6 3. Nf3 e6 4. Nbd2 c5 5. cxd5 exd5 6. e4 Nf6 7. e5 Nfd7 8. Bd3 Nc6 9. O-O Be7 10. Re1 O-O 11. a3 Qb6 12. Bc2 Re8 13. Qe2 Nf8 14. dxc5 Qxc5 15. Nb3 Qc4 16. Qd1 Bg4 17. Bd3 Qa4 18. Bc2 1/2-1/2

[Event "EU-ch U20"]
[Site "Holon"]
[Date "1995.??.??"]
[Round "7"]
[White "Tyomkin, Dimitri"]
[Black "Gabriel, Christian"]
[Result "1/2-1/2"]
[WhiteElo "2385"]
[BlackElo "2475"]
[PlyCount "110"]
[GameId "1166639233871872"]
[EventDate "1995.11.??"]
[EventType "swiss"]
[EventRounds "9"]
[EventCountry "ISR"]
[SourceTitle "EXT 1997"]
[Source "ChessBase"]
[SourceDate "1996.11.15"]
[SourceVersion "1"]
[SourceVersionDate "1996.11.15"]
[SourceQuality "1"]

1. d4 Nf6 2. c4 g6 3. Nc3 Bg7 4. e4 d6 5. h3 O-O 6. Bg5 Na6 7. Bd3 e5 8. d5 Nc5 9. Bc2 a5 10. Nge2 c6 11. g4 Qb6 12. f3 cxd5 13. cxd5 Bd7 14. Kf1 Kh8 15. Rb1 Ng8 16. Ng3 f6 17. Be3 Bh6 18. Bxh6 Nxh6 19. Qd2 Nf7 20. Kg2 Kg7 21. Qf2 Rfc8 22. Nge2 a4 23. a3 Qa5 24. Na2 Na6 25. Nec3 b5 26. Bd3 Rcb8 27. Rhc1 Nd8 28. Qe2 Qb6 29. Qf2 Qxf2+ 30. Kxf2 b4 31. Bxa6 bxc3 32. Be2 Rxb2 33. Rxb2 cxb2 34. Rb1 Rb8 35. Nb4 Rxb4 36. axb4 a3 37. Bc4 f5 38. Ke3 Nf7 39. gxf5 gxf5 40. h4 Nh8 41. Ba2 Kf6 42. Kd3 Bb5+ 43. Kc3 Ng6 44. Rh1 Be2 45. Kb3 Bxf3 46. Rg1 Bxe4 47. Kxa3 Ne7 48. Kxb2 Nxd5 49. Rd1 Nxb4 50. Rxd6+ Ke7 51. Re6+ Kd7 52. Bc4 Nc6 53. Kc3 f4 54. h5 Bf5 55. Rf6 Ne7 1/2-1/2

[Event "Creon"]
[Site "Creon"]
[Date "1996.??.??"]
[Round "?"]
[White "Lanka, Zigurds"]
[Black "Tyomkin, Dimitri"]
[Result "1/2-1/2"]
[WhiteElo "2545"]
[BlackElo "2430"]
[PlyCount "45"]
[GameId "1166639352377344"]
[EventDate "1996.??.??"]
[EventType "game"]
[EventRounds "1"]
[EventCountry "FRA"]
[SourceTitle "EXT 2010"]
[Source "ChessBase"]
[SourceDate "2009.11.30"]
[SourceVersion "1"]
[SourceVersionDate "2009.11.30"]
[SourceQuality "1"]

1. e4 c5 2. Nf3 Nc6 3. d4 cxd4 4. Nxd4 Nf6 5. Nc3 d6 6. Bg5 e6 7. Qd2 a6 8. O-O-O h6 9. Be3 Be7 10. f3 Nxd4 11. Bxd4 b5 12. Kb1 Rb8 13. Ba7 Rb7 14. Be3 Qa5 15. Qf2 b4 16. Ne2 e5 17. Nc1 Be6 18. Nb3 Qc7 19. Bxa6 Rb8 20. Ba7 Ra8 21. Bb5+ Nd7 22. Be3 O-O 23. Qe2 1/2-1/2

[Event "ISR-ch U20"]
[Site "Israel"]
[Date "1996.??.??"]
[Round "9"]
[White "Tyomkin, Dimitri"]
[Black "Ribshtein, Nati"]
[Result "1-0"]
[WhiteElo "2430"]
[BlackElo "2270"]
[PlyCount "41"]
[GameId "1165542700331008"]
[EventDate "1996.??.??"]
[EventType "game"]
[EventRounds "1"]
[EventCountry "ISR"]
[SourceTitle "CBM 055"]
[Source "ChessBase"]
[SourceDate "1996.12.01"]
[SourceVersion "1"]
[SourceVersionDate "1996.12.01"]
[SourceQuality "1"]

1. d4 Nf6 2. Nf3 g6 3. Bg5 Bg7 4. Nbd2 O-O 5. c3 d6 6. e4 c5 7. dxc5 dxc5 8. Bc4 Nc6 9. O-O Qc7 10. Qe2 h6 11. Bh4 Nh5 12. Rfe1 Bg4 13. Qe3 b6 14. e5 Qc8 15. h3 Bxh3 16. gxh3 Qxh3 17. Qe4 g5 18. Bxg5 Nxe5 19. Nxe5 Bxe5 20. Qg2 Qf5 21. Rxe5 1-0

[Event "ISR-chT"]
[Site "Israel"]
[Date "1996.??.??"]
[Round "10"]
[White "Tyomkin, Dimitri"]
[Black "Godes, Dmitry R"]
[Result "1-0"]
[WhiteElo "2340"]
[BlackElo "2400"]
[PlyCount "104"]
[GameId "1166639466905600"]
[EventDate "1996.??.??"]
[EventType "team"]
[EventRounds "11"]
[EventCountry "ISR"]
[SourceTitle "CBM 052 Extra"]
[Source "ChessBase"]
[SourceDate "1996.07.01"]
[SourceVersion "1"]
[SourceVersionDate "1996.07.01"]
[SourceQuality "1"]

1. d4 Nf6 2. c4 c5 3. d5 e5 4. Nc3 d6 5. e4 Nbd7 6. g3 Be7 7. Bg2 a6 8. a4 b6 9. Nge2 h5 10. h4 Ng4 11. f3 Nh6 12. Be3 g6 13. Qd2 Bf8 14. O-O Rb8 15. Bh3 Bg7 16. Nc1 f5 17. Bg5 Nf6 18. f4 exf4 19. Qxf4 Nf7 20. Nd3 Nxg5 21. Qxg5 O-O 22. exf5 gxf5 23. Bxf5 Bxf5 24. Rxf5 Ng4 25. Qxh5 Ne3 26. Rxf8+ Qxf8 27. Nf4 Nxc4 28. Ne6 Qf7 29. Qxf7+ Kxf7 30. Rf1+ Kg6 31. g4 Be5 32. Kf2 Nxb2 33. Ne4 c4 34. Ke3 c3 35. h5+ Kh6 36. Nf6 Bxf6 37. Rxf6+ Kh7 38. g5 c2 39. Rf7+ Kh8 40. Rc7 Nxa4 41. Rxc2 Nc5 42. Kf4 a5 43. g6 a4 44. h6 a3 45. h7 Ra8 46. g7+ Kxh7 47. Rh2+ Kg6 48. Rh8 Nxe6+ 49. dxe6 Ra4+ 50. Kf3 Kxg7 51. e7 a2 52. e8=Q a1=Q 1-0

[Event "Liechtenstein op 14th"]
[Site "Liechtenstein"]
[Date "1996.??.??"]
[Round "7"]
[White "Ziger, Silvestar"]
[Black "Tyomkin, Dimitri"]
[Result "0-1"]
[WhiteElo "2265"]
[BlackElo "2340"]
[PlyCount "46"]
[GameId "1166639745265664"]
[EventDate "1996.05.??"]
[EventType "swiss"]
[EventRounds "9"]
[EventCountry "LIE"]
[SourceTitle "EXT 1998"]
[Source "ChessBase"]
[SourceDate "1997.11.17"]
[SourceVersion "1"]
[SourceVersionDate "1997.11.17"]
[SourceQuality "1"]

1. d4 Nf6 2. Nf3 g6 3. Bg5 Bg7 4. Nbd2 d5 5. e3 O-O 6. Be2 Nbd7 7. b4 Re8 8. O-O e5 9. c3 e4 10. Ne1 h6 11. Bh4 g5 12. Bg3 Nf8 13. c4 c6 14. b5 cxb5 15. cxb5 Ng6 16. Qb3 h5 17. Rc1 Re7 18. f3 h4 19. Bf2 h3 20. fxe4 dxe4 21. Bg3 Nd5 22. Nc4 Be6 23. gxh3 Nxe3 0-1

[Event "Creon op 2nd"]
[Site "Creon"]
[Date "1997.??.??"]
[Round "?"]
[White "Grigore, George Gabriel"]
[Black "Tyomkin, Dimitri"]
[Result "1/2-1/2"]
[WhiteElo "2465"]
[BlackElo "2450"]
[PlyCount "145"]
[GameId "1166640023130112"]
[EventDate "1997.??.??"]
[EventType "swiss"]
[EventRounds "9"]
[EventCountry "FRA"]
[SourceTitle "EXT 2001"]
[Source "ChessBase"]
[SourceDate "2000.11.22"]
[SourceVersion "1"]
[SourceVersionDate "2000.11.22"]
[SourceQuality "1"]

1. d4 d5 2. c4 c6 3. Nc3 Nf6 4. cxd5 cxd5 5. Bf4 Nc6 6. e3 a6 7. Bd3 Bg4 8. Nge2 e6 9. O-O Bd6 10. Bg5 Bxe2 11. Qxe2 Be7 12. Rac1 O-O 13. Rfd1 Rc8 14. a3 Nd7 15. Bf4 g6 16. Na4 Na5 17. Rxc8 Qxc8 18. e4 dxe4 19. Bxe4 Nf6 20. Bf3 Nc6 21. Nc3 Rd8 22. Be3 Nd5 23. Nxd5 exd5 24. Qd3 Bf6 25. Rc1 Qe6 26. g3 h5 27. h4 Kg7 28. Kh2 Rd7 29. Re1 Qd6 30. Bf4 Qf8 31. Be5 Qe7 32. Kg2 Bxe5 33. dxe5 Nxe5 34. Qd4 f6 35. Bxh5 Qd6 36. Bf3 Qe6 37. Bd1 Qd6 38. h5 gxh5 39. Bxh5 Qe6 40. Bd1 Qf5 41. Re3 Qg6 42. Ba4 b5 43. Bb3 Qf5 44. a4 Ng4 45. Re1 Ne5 46. Bd1 Qd3 47. Qf4 Qg6 48. Qd4 Qd3 49. Qh4 Rc7 50. axb5 axb5 51. Be2 Qe4+ 52. Qxe4 dxe4 53. Bxb5 Rb7 54. Bf1 Rxb2 55. Rxe4 Kg6 56. Be2 Kf5 57. Re3 Kg6 58. Kh3 Rb7 59. f4 Nf7 60. Kh4 Kg7 61. Bg4 Rc7 62. Rd3 Ra7 63. Be6 Rc7 64. g4 Ra7 65. Bxf7 Kxf7 66. Kh5 Kg7 67. Rd6 Ra5+ 68. f5 Ra7 69. Rb6 Rc7 70. g5 fxg5 71. Kxg5 Ra7 72. Rg6+ Kf7 73. Rb6 1/2-1/2

[Event "Ubeda op 2nd"]
[Site "Ubeda"]
[Date "1997.??.??"]
[Round "2"]
[White "Tyomkin, Dimitri"]
[Black "Rodriguez Cespedes, Amador"]
[Result "1/2-1/2"]
[WhiteElo "2450"]
[BlackElo "2555"]
[PlyCount "33"]
[GameId "1166640413835264"]
[EventDate "1997.02.??"]
[EventType "swiss"]
[EventRounds "10"]
[EventCountry "ESP"]
[SourceTitle "CBM 056 Extra"]
[Source "ChessBase"]
[SourceDate "1997.03.01"]
[SourceVersion "1"]
[SourceVersionDate "1997.03.01"]
[SourceQuality "1"]

1. d4 Nf6 2. c4 e6 3. Nf3 b6 4. Nc3 Bb7 5. a3 d5 6. Bg5 Be7 7. Qa4+ c6 8. Bxf6 Bxf6 9. cxd5 exd5 10. g3 O-O 11. Bg2 Na6 12. O-O Qe7 13. Rad1 Rfd8 14. e3 c5 15. Qb3 Rab8 16. Rd2 Nc7 17. Rfd1 1/2-1/2

[Event "Beersheba 16th"]
[Site "Beersheba"]
[Date "1997.02.25"]
[Round "2"]
[White "Tyomkin, Dimitri"]
[Black "Finkel, Alexander"]
[Result "1/2-1/2"]
[WhiteElo "2450"]
[BlackElo "2505"]
[PlyCount "29"]
[GameId "1165542740930560"]
[EventDate "1997.02.24"]
[EventType "tourn"]
[EventRounds "11"]
[EventCountry "ISR"]
[EventCategory "12"]
[SourceTitle "CBM 058"]
[Source "ChessBase"]
[SourceDate "2004.01.01"]
[SourceVersion "1"]
[SourceVersionDate "2004.01.01"]
[SourceQuality "1"]

1. d4 e6 2. c4 b6 3. Nf3 Bb7 4. g3 Bb4+ 5. Bd2 c5 6. Bg2 Nf6 7. O-O O-O 8. a3 Bxd2 9. Qxd2 Nc6 10. b4 Rc8 11. d5 Ne7 12. dxe6 fxe6 13. Nc3 Nf5 14. b5 Qe7 15. Nh4 {} 1/2-1/2

[Event "Beersheba 16th"]
[Site "Beersheba"]
[Date "1997.02.28"]
[Round "5"]
[White "Avrukh, Boris"]
[Black "Tyomkin, Dimitri"]
[Result "1-0"]
[WhiteElo "2520"]
[BlackElo "2450"]
[PlyCount "149"]
[GameId "1165542740975616"]
[EventDate "1997.02.24"]
[EventType "tourn"]
[EventRounds "11"]
[EventCountry "ISR"]
[EventCategory "12"]
[SourceTitle "CBM 058"]
[Source "ChessBase"]
[SourceDate "2004.01.01"]
[SourceVersion "1"]
[SourceVersionDate "2004.01.01"]
[SourceQuality "1"]

1. d4 Nf6 2. c4 e6 3. Nf3 Bb4+ 4. Nc3 Bxc3+ 5. bxc3 b6 6. Bg5 h6 7. Bh4 Bb7 8. Nd2 d6 9. f3 e5 10. e4 c5 11. Be2 Nc6 12. Nb3 Qe7 13. a4 a5 14. Ra2 O-O-O 15. Rb2 Kc7 16. O-O g5 17. Bf2 h5 18. Na1 Rb8 19. Nc2 h4 20. Ne3 Bc8 21. dxc5 dxc5 22. Rd2 Rd8 23. Rxd8 Nxd8 24. Qc1 Be6 25. Nf5 Bxf5 26. Qxg5 Ne6 27. Qxf5 Nd7 28. Rd1 Rg8 29. Bf1 Rg7 30. Kh1 Kc6 31. Qh5 Nf4 32. Qh8 Qf8 33. Qxf8 Nxf8 34. Bxh4 N4g6 35. Bf6 Rh7 36. Bg5 Ne6 37. Be3 f6 38. g3 Ng5 39. Bg2 Nf7 40. h4 Nd6 41. Bf1 Rh8 42. Kg1 Rd8 43. Bh3 Re8 44. h5 Nf8 45. h6 Re7 46. Bc1 Kc7 47. Kf2 Nxc4 48. Bf1 Nd6 49. Bd3 Rh7 50. Rh1 Ne6 51. f4 c4 52. Bc2 Nf7 53. fxe5 Nxe5 54. Ke2 Ng5 55. Rh5 Kd6 56. Be3 Ke6 57. Bxb6 Ngf7 58. Bxa5 Nxh6 59. Bb4 Kf7 60. a5 Kg6 61. Rh1 Ra7 62. Ra1 Nhg4 63. Bc5 Rh7 64. Bg1 Rh1 65. a6 Nc6 66. e5+ f5 67. Rf1 Ne7 68. a7 Rh8 69. Rb1 Nc6 70. Rb6 Ngxe5 71. Ba4 Re8 72. Kf1 Kg5 73. Bxc6 Nxc6 74. Rxc6 Kg4 75. Rb6 1-0

[Event "Beersheba 16th"]
[Site "Beersheba"]
[Date "1997.03.02"]
[Round "6"]
[White "Tyomkin, Dimitri"]
[Black "Mikhalevski, Victor"]
[Result "1/2-1/2"]
[WhiteElo "2450"]
[BlackElo "2535"]
[PlyCount "31"]
[GameId "1165542741008384"]
[EventDate "1997.02.24"]
[EventType "tourn"]
[EventRounds "11"]
[EventCountry "ISR"]
[EventCategory "12"]
[SourceTitle "CBM 058"]
[Source "ChessBase"]
[SourceDate "2004.01.01"]
[SourceVersion "1"]
[SourceVersionDate "2004.01.01"]
[SourceQuality "1"]

1. Nf3 Nf6 2. c4 g6 3. Nc3 Bg7 4. e4 d6 5. d4 O-O 6. h3 a6 7. Bd3 c5 8. d5 b5 9. O-O b4 10. Ne2 e5 11. Nh2 Nh5 12. g4 Nf4 13. Nxf4 exf4 14. Bxf4 Bxb2 15. Rb1 Bg7 16. Bg3 {} 1/2-1/2

[Event "Beersheba 16th"]
[Site "Beersheba"]
[Date "1997.03.05"]
[Round "9"]
[White "Rozentalis, Eduardas"]
[Black "Tyomkin, Dimitri"]
[Result "1-0"]
[WhiteElo "2650"]
[BlackElo "2450"]
[PlyCount "45"]
[GameId "1165542741069824"]
[EventDate "1997.02.24"]
[EventType "tourn"]
[EventRounds "11"]
[EventCountry "ISR"]
[EventCategory "12"]
[SourceTitle "CBM 058"]
[Source "ChessBase"]
[SourceDate "2004.01.01"]
[SourceVersion "1"]
[SourceVersionDate "2004.01.01"]
[SourceQuality "1"]

1. e4 c5 2. Nf3 d6 3. d4 cxd4 4. Qxd4 a6 5. Bg5 Nc6 6. Qd2 h6 7. Bh4 g5 8. Bg3 Bg7 9. Nc3 Nf6 10. O-O-O Nh5 11. Nd5 Be6 12. Kb1 Rc8 13. c3 f5 14. exf5 Bxf5+ 15. Bd3 O-O 16. Bxf5 Rxf5 17. Qe2 Kh8 18. Rhe1 Nxg3 19. hxg3 Rf7 20. Qe6 Qf8 21. Rh1 Kg8 22. Qg6 Ne5 23. Nxe5 1-0

[Event "Czerniak Memorial 13th"]
[Site "Tel Aviv"]
[Date "1997.??.??"]
[Round "8"]
[White "Tyomkin, Dimitri"]
[Black "Gofshtein, Leonid D"]
[Result "1/2-1/2"]
[WhiteElo "2450"]
[BlackElo "2530"]
[PlyCount "57"]
[GameId "1166640450252800"]
[EventDate "1997.04.04"]
[EventType "tourn"]
[EventRounds "11"]
[EventCountry "ISR"]
[EventCategory "10"]
[SourceTitle "CBM 059"]
[Source "ChessBase"]
[SourceDate "1997.08.01"]
[SourceVersion "1"]
[SourceVersionDate "1997.08.01"]
[SourceQuality "1"]

1. d4 d5 2. c4 dxc4 3. Nf3 Nf6 4. e3 e6 5. Bxc4 c5 6. O-O a6 7. Bd3 Nbd7 8. Re1 g6 9. e4 cxd4 10. e5 Nd5 11. Be4 Nc5 12. Qxd4 Nxe4 13. Qxe4 Bd7 14. Bg5 Be7 15. Bxe7 Qxe7 16. Nd4 Rc8 17. a3 Qg5 18. Nc3 Nxc3 19. bxc3 Bc6 20. Nxc6 Rxc6 21. Rab1 O-O 22. Rxb7 Rxc3 23. a4 Rfc8 24. g3 Qd2 25. Rf1 Qc2 26. Qf4 R3c7 27. Rxc7 Rxc7 28. Qd4 Rc8 29. Rd1 1/2-1/2

[Event "Ashkelon GP"]
[Site "Ashkelon"]
[Date "1997.12.13"]
[Round "9"]
[White "Tyomkin, Dimitri"]
[Black "Tsesarsky, Ilya"]
[Result "0-1"]
[WhiteElo "2390"]
[BlackElo "2445"]
[PlyCount "46"]
[GameId "1165542757818368"]
[EventDate "1997.11.??"]
[EventType "rapid"]
[EventRounds "9"]
[EventCountry "ISR"]
[SourceTitle "CBM 062"]
[Source "ChessBase"]
[SourceDate "1998.01.31"]
[SourceVersion "1"]
[SourceVersionDate "1998.01.31"]
[SourceQuality "1"]

1. d4 Nf6 2. Nf3 e6 3. Bg5 b6 4. e3 Bb7 5. Nbd2 Be7 6. Bd3 d5 7. c3 h6 8. Bh4 Nbd7 9. Ne5 Nxe5 10. dxe5 Nd7 11. Bg3 O-O 12. O-O f6 13. exf6 Bxf6 14. Qg4 Re8 15. Bg6 Re7 16. Nf3 e5 17. Nh4 Nf8 18. Nf5 Re6 19. f4 exf4 20. Bxf4 Bg5 21. Bf7+ Kxf7 22. Bxg5 Qxg5 23. Nxh6+ Kg6 0-1

[Event "ISR-chT"]
[Site "Israel"]
[Date "1998.01.22"]
[Round "3"]
[White "Tyomkin, Dimitri"]
[Black "Haimovich, Tal"]
[Result "1-0"]
[WhiteElo "2440"]
[BlackElo "2265"]
[PlyCount "53"]
[GameId "1165542762655744"]
[EventDate "1998.01.15"]
[EventType "team-tourn"]
[EventRounds "10"]
[EventCountry "ISR"]
[SourceTitle "CBM 063"]
[Source "ChessBase"]
[SourceDate "1998.04.09"]
[SourceVersion "1"]
[SourceVersionDate "1998.03.26"]
[SourceQuality "1"]

1. d4 d5 2. Nf3 Nf6 3. Bg5 Ne4 4. Bf4 c5 5. e3 Qb6 6. Qc1 Nc6 7. c3 Bg4 8. Nbd2 Nxd2 9. Qxd2 cxd4 10. exd4 e6 11. Ne5 Bf5 12. Be2 Be7 13. g4 Be4 14. f3 Bh4+ 15. Bg3 Nxe5 16. fxe4 Bxg3+ 17. hxg3 Nc4 18. Bxc4 dxc4 19. Rh5 Qc6 20. Qf4 Qa4 21. Kd2 O-O 22. Rah1 Qxa2 23. Kc2 Qa4+ 24. Kb1 f6 25. Rxh7 Qc6 26. g5 Qe8 27. g6 1-0